000 00725nam a2200289Ia 4500
005 20260324124205.0
008 008 260324s9999 xx 000 0 eng d
020 _a9780203860939
037 _aEBOOK
040 _aCRL
040 _beng
040 _cCRL
041 _2eng
041 _aeng
084 _qCRL
100 _aKatharina Rowold
_91173197
245 4 _aThe Educated Woman
245 0 _bMinds, Bodies, and Women's Higher Education in Britain, Germany, and Spain, 1865-1914
260 _bTaylor and Francis
260 _c2010
365 _a
365 _b240
856 _uhttp://www.taylorfrancis.com/books/9780203860939
942 _cEBOOK
999 _c1767379
_d1767379